<?xml version="1.0" encoding="UTF-8"?>
<marc:record xmlns:marc="http://www.loc.gov/MARC21/slim">
   <marc:leader>00000nam a2200000 a 4500</marc:leader>
   <marc:datafield ind1="1" ind2=" " tag="100">
      <marc:subfield code="a">Tramountani, Nena</marc:subfield>
      <marc:subfield code="4">aut</marc:subfield>
      <marc:subfield code="e">Verfasser/-in</marc:subfield>
   </marc:datafield>
   <marc:datafield ind1=" " ind2=" " tag="653">
      <marc:subfield code="a">Erzählende Literatur</marc:subfield>
   </marc:datafield>
   <marc:datafield ind1=" " ind2=" " tag="653">
      <marc:subfield code="a">New Adult</marc:subfield>
   </marc:datafield>
   <marc:datafield ind1=" " ind2=" " tag="653">
      <marc:subfield code="a">New Adult Roman</marc:subfield>
   </marc:datafield>
   <marc:datafield ind1=" " ind2=" " tag="653">
      <marc:subfield code="a">New Adult Suspense</marc:subfield>
   </marc:datafield>
   <marc:datafield ind1=" " ind2=" " tag="653">
      <marc:subfield code="a">New York</marc:subfield>
   </marc:datafield>
   <marc:datafield ind1=" " ind2=" " tag="653">
      <marc:subfield code="a">Diebe</marc:subfield>
   </marc:datafield>
   <marc:datafield ind1=" " ind2=" " tag="653">
      <marc:subfield code="a">Diebesbande</marc:subfield>
   </marc:datafield>
   <marc:datafield ind1=" " ind2=" " tag="653">
      <marc:subfield code="a">Enemies to Lovers</marc:subfield>
   </marc:datafield>
   <marc:datafield ind1=" " ind2=" " tag="653">
      <marc:subfield code="a">Kreuzfahrt</marc:subfield>
   </marc:datafield>
   <marc:datafield ind1=" " ind2=" " tag="653">
      <marc:subfield code="a">Kreuzfahrtschiff</marc:subfield>
   </marc:datafield>
   <marc:datafield ind1=" " ind2=" " tag="653">
      <marc:subfield code="a">Liebesgeschichte</marc:subfield>
   </marc:datafield>
   <marc:datafield ind1=" " ind2=" " tag="653">
      <marc:subfield code="a">Luxusliner</marc:subfield>
   </marc:datafield>
   <marc:datafield ind1=" " ind2=" " tag="653">
      <marc:subfield code="a">Queer</marc:subfield>
   </marc:datafield>
   <marc:datafield ind1=" " ind2=" " tag="653">
      <marc:subfield code="a">Spannung</marc:subfield>
   </marc:datafield>
   <marc:datafield ind1=" " ind2=" " tag="653">
      <marc:subfield code="a">Strangers to Lovers</marc:subfield>
   </marc:datafield>
   <marc:datafield ind1="0" ind2="0" tag="245">
      <marc:subfield code="a">Diamond Empress - Seven Thieves</marc:subfield>
   </marc:datafield>
   <marc:datafield ind1="0" ind2="0" tag="245">
      <marc:subfield code="b">Roman</marc:subfield>
   </marc:datafield>
   <marc:datafield ind1="0" ind2="0" tag="245">
      <marc:subfield code="c">Tramountani, Nena</marc:subfield>
   </marc:datafield>
   <marc:datafield ind1=" " ind2="1" tag="264">
      <marc:subfield code="a">München</marc:subfield>
      <marc:subfield code="b">Penguin</marc:subfield>
   </marc:datafield>
   <marc:datafield ind1="1" ind2=" " tag="490">
      <marc:subfield code="a">Stolen Dreams</marc:subfield>
      <marc:subfield code="v">2</marc:subfield>
   </marc:datafield>
   <marc:datafield ind1=" " ind2=" " tag="250">
      <marc:subfield code="a">Originalausgabe</marc:subfield>
   </marc:datafield>
   <marc:datafield ind1="1" ind2=" " tag="520">
      <marc:subfield code="a">Das Ziel? Den Safe ausrauben. Die Erfolgschancen? Gering. Die Motivation? EAT THE RICH.&#xD;
&#xD;
Fesselnde Spannung trifft auf unwiderstehlichen Spice – Nena Tramountanis hochkarätige Heist-Reihe auf einem Luxus-Kreuzfahrtschiff!&#xD;
&#xD;
Sie ist unnahbar und wütend. Er bringt ihre Mauer zum Einstürzen. Und gefährdet damit die gesamte Mission.&#xD;
&#xD;
Fin weiß genau, wie sie Leute zum Reden bringt – oder zum Schweigen. Im Wellnessbereich der Diamond Empress verhilft sie den Gästen zu Ruhe und Entspannung. Dabei weiß niemand, dass zwei Bedürfnisse in ihrem Inneren wettstreiten: ein unbändiger Rachedurst und der Wunsch, ihrer Schwester ein besseres Leben zu bieten. Als Teil der Diebescrew an Bord des Luxusschiffs ist Fins Ziel zum Greifen nah, doch für den Erfolg der Mission muss sie einen entscheidenden Beitrag leisten: Sie soll mit dem unverschämt reichen Passagier Rafael flirten und ihm die Lagepläne des Schiffs entlocken. So einfach die Aufgabe auch klingt – sobald sie mit dem attraktiven Architekten allein ist, beginnt ihr Herz wie wild zu schlagen. Und wenn er sie ansieht, fühlt sie sich, als würde er ihr abgründiges Geheimnis direkt von ihrer Seele lesen. Am meisten schockiert Fin jedoch ihr Drang, es ihm selbst zu offenbaren … &#xD;
Funkelnde Diamanten, heiße Emotionen, elektrisierende Cliffhanger&#xD;
Die mitreißende Fortsetzung an Bord der DIAMOND EMPRESS!&#xD;
Die Stolen-Dreams-Reihe im Überblick:&#xD;
1. Diamond Empress. A Million Reasons&#xD;
2. Diamond Empress. Seven Thieves&#xD;
3. Diamond Empress. One Heist</marc:subfield>
   </marc:datafield>
   <marc:datafield ind1=" " ind2=" " tag="020">
      <marc:subfield code="a">9783328111634</marc:subfield>
      <marc:subfield code="9">9783328111634</marc:subfield>
   </marc:datafield>
   <marc:datafield ind1=" " ind2=" " tag="020">
      <marc:subfield code="a">3328111638</marc:subfield>
      <marc:subfield code="9">3328111638</marc:subfield>
   </marc:datafield>
   <marc:datafield ind1=" " ind2=" " tag="041">
      <marc:subfield code="a">ger</marc:subfield>
   </marc:datafield>
   <marc:datafield ind1="0" ind2=" " tag="490">
      <marc:subfield code="v">2</marc:subfield>
   </marc:datafield>
   <marc:datafield ind1=" " ind2=" " tag="338">
      <marc:subfield code="a">Band</marc:subfield>
   </marc:datafield>
   <marc:datafield ind1=" " ind2=" " tag="300">
      <marc:subfield code="a">512 Seiten</marc:subfield>
   </marc:datafield>
</marc:record>
